Not Quite Right Idioms - Statistics

General Stats
  • This quiz has been taken 182 times
  • The average score is 14 of 16
Answer Stats
Hint Answer % Correct
Better late than forever Never
100%
The early worm gets the worm Bird
98%
A sight for sore ears Eyes
97%
Back to square toast One
96%
Wild ghost chase Goose
94%
Barking at the wrong tree Up
93%
All trunk and no bite Bark
92%
Pass with flying feet Colours
90%
A pencil for your thoughts Penny
85%
The judgment is in your court Ball
83%
All that glitters is not lip balm Gold
83%
By the skin of your tears Teeth
79%
Birds of a feather stick together Flock
76%
Can't bake your cake and eat it too Have
73%
A kid off the old block Chip
70%
A penny burned is a penny earned Saved
57%
No matching quizzes found
Score Distribution
Percent of People with Each Score
Percentile by Number Answered
Your Score History
You have not taken this quiz